000 00654 a2200205 4500
001 57325
005 20260407155835.0
008 260407a1954 arg spa d
003 AR-UNSa-BCEJYS
040 _aAR-UNSa-BCEJYS
_bspa
_cAR-UNSa-BCEJYS
080 _a911.3:33
_xGeografía económica
245 1 0 _aLos fundamentos geográficos y los problemas de la vida económica
264 1 _aBarcelona :
_bEdiciones Omega
_c1954
300 _a312 p.
_c25 cm.
505 _aPrimera Parte: Fundamentos geográfico-físicos de la vida económica -
041 _aspa
942 _cBK
590 _aniveau_biblio:m niveau_hierar:0
100 1 _aLütgens, Rudolf
999 _c6185
_d6185